Missing Word: Computer Initialisms Quiz Stats

 Plays Quiz Updated Oct 8, 2018

Challenge
Share
Tweet
Embed
Score 0/22 Timer 03:00
0 Plays Today
Hint Missing Word % Correct
World Wide ____Web
94.8%
____ MessageInstant
86.7%
Internet ____ ProviderService
84.7%
Central ____ UnitProcessing
78.3%
____ Area NetworkLocal
75.7%
Random-____ MemoryAccess
74.8%
____ Per SecondBits
74%
____ Only MemoryRead
67.6%
Wide ____ NetworkArea
62.9%
____ Graphics AdapterVideo
56.7%
Internet ____Protocol
55.6%
Hint Missing Word % Correct
____ Transfer ProtocolFile
50.5%
Universal ____ BusSerial
48.2%
____ Name SystemDomain
41.1%
____ User InterfaceGraphical
41%
HyperText ____ LanguageMarkup
40.5%
____ Document FormatPortable
39.6%
____ Operating SystemDisk
33.4%
Portable ____ GraphicNetwork
32.2%
Internet ____ ChatRelay
29.7%
____ Resource LocatorUniform
22.8%
Graphics ____ FormatInterchange
19.9%

Today's Daily Dose

You're not logged in!

Compare scores with friends on all Sporcle quizzes.
Join for Free
OR
Log In

You Might Also Like...

Show Comments

Extras

Top Quizzes Today


Score Distribution

Your Account Isn't Verified!

In order to create a playlist on Sporcle, you need to verify the email address you used during registration. Go to your Sporcle Settings to finish the process.

Report this User

Report this user for behavior that violates our Community Guidelines.

Details: